000
00272nam a22001217a 4500
040
_c
SK
082
_a
629
100
_a
សន វិបុល
245
_a
Environmental science; បរិស្ថាន
260
_a
RUA
_b
សន
_c
2008
300
_a
30p.
942
_c
KB
999
_c
10097
_d
10097